| 000 | 00569nam a22001697a 4500 | ||
|---|---|---|---|
| 003 | NUST | ||
| 038 | _aNusrat Nadeem | ||
| 082 | _a200 | ||
| 100 |
_aRasool, Maryam _9124468 |
||
| 245 |
_aDesign and Analysis of Smart Microstrip Patch Antennas for 4G and 5G Communication/ _cMaryam Rasool, |
||
| 264 |
_aRawalpindi; _bMCS NUST; _c2022. |
||
| 300 |
_a119,p; _bill; _c30,cm. |
||
| 650 |
_aPh.D-Electrical Engineering _9124451 |
||
| 700 |
_aSupervisor:Dr. Farooq Ahmed Bhatti _9118101 |
||
| 856 | _u http://10.250.8.41:8080/xmlui/handle/123456789/31250 | ||
| 942 |
_2ddc _cSC |
||
| 999 |
_c610324 _d610324 |
||